000 00538nam a22002057a 4500
005 20260513125623.0
008 260513b |||||||| |||| 00| 0 eng d
020 _a9789339205225
_c1295.00
040 _aMAIN
041 _aEnglish
082 _a622.15
_bDOB
100 _aDobrin, Milton B.
_926810
245 _aIntroduction to Geophysical Prospecting
250 _a4th
260 _aChennai
_bMcGraw Hill Education
_c2014
300 _a867
650 _aGeology (PM USHA)
_926712
700 _aSavit, Carl H.
_926811
942 _cBK
999 _c60782
_d60782